History Quiz

Random History or Country Quiz

World's Largest Air Forces Quiz Stats

 Plays Quiz not verified by Sporcle

Challenge
Share
Tweet
Embed
Score 0/10 Timer 02:00
0 Plays Today
Country % Correct
United States of America
98.7%
People's Republic of China
97.6%
Russian Federation
96.6%
France
88%
India
83.3%
North Korea
71.5%
South Korea
71.3%
Egypt
49.2%
Ukraine
34.5%
Taiwan
28.4%

You're not logged in!

Compare scores with friends on all Sporcle quizzes.
Join for Free
OR
Log In

You Might Also Like...

Show Comments

Extras

Top Quizzes Today


Score Distribution

Your Account Isn't Verified!

In order to create a playlist on Sporcle, you need to verify the email address you used during registration. Go to your Sporcle Settings to finish the process.

Report this User

Report this user for behavior that violates our Community Guidelines.

Details: